[Event "Essen tt"]
[Site "Essen"]
[Date "1996.??.??"]
[Round "?"]
[White "Shpilker, Boris"]
[Black "Neugebauer, Thomas"]
[Result "1/2-1/2"]
[WhiteElo "2360"]
[BlackElo "2210"]

1.Nf3 Nf6 2.c4 g6 3.g3 Bg7 4.Bg2 O-O 5.O-O d6 6.Nc3 e5 7.d4 Nbd7 8.Qc2 c6
9.Rd1 Re8 10.b3 Qa5 11.Bd2 Qc7 12.Rac1 exd4 13.Nxd4 Ng4 14.Bf4 Nde5 15.Qd2 f5
16.h3 Nf6 17.Nf3 Nh5 18.Qxd6 Qxd6 19.Rxd6 Nxf4 20.gxf4 Bh6 21.e3 Nf7 22.Rd3 Bf8
23.Rcd1 Bb4 24.Nd4 Nd8 25.Nce2 Bf8 26.a4 a5 27.Bf3 Bc5 28.Kg2 Bf8 29.h4 Be7
30.Kg3 Bf6 31.Ng1 Kg7 32.Bg2 Ra6 33.Ngf3 h6 34.h5 g5 35.Rg1 Nf7 36.Ne2 Kh7
37.Kh2 gxf4 38.Nxf4 Ne5 39.Nxe5 Bxe5 40.Bf3 c5 41.Bxb7 Bxb7 42.Rd7+ Kh8 43.Rxb7 Rd6
44.Rg3 Bxf4 45.exf4 Rd2 46.Kg2 Rxf2+ 47.Kxf2 Re2+ 48.Kg1 Rg2+ 49.Kf1 Rf2+
50.Ke1 Re2+ 51.Kd1 Rd2+  1/2-1/2

[Event "FIN-chT 9596"]
[Site "FIN"]
[Date "1996.??.??"]
[Round "8"]
[White "Viljava, Tapani"]
[Black "Manninen, Marko"]
[Result "1/2-1/2"]
[WhiteElo "2245"]
[BlackElo "2380"]

1.c4 Nf6 2.Nf3 g6 3.g3 Bg7 4.Bg2 O-O 5.O-O c6 6.Nc3 d5 7.cxd5 cxd5 8.d4 e6
9.Ne5 Nc6 10.Nxc6 bxc6 11.Na4 Nd7 12.b3 c5 13.Bb2 Ba6 14.Re1 Rc8 15.e3 cxd4
16.Bxd4 Bb5 17.Bxg7 Kxg7 18.e4 Bxa4 19.bxa4 dxe4 20.Rxe4 Nc5 21.Rc4 Qf6 22.Rb1 Rcd8
23.Qf3 Qxf3 24.Bxf3 Nd3 25.Rc7 Rb8 26.Rb3 Rxb3 27.axb3 Rb8 28.Be2 Rxb3 29.Bxd3 Rxd3
30.Rxa7 g5 31.h3 Kg6 32.a5 h5 33.Kg2 Ra3 34.Ra8 Kg7 35.a6 g4 36.hxg4 hxg4
37.Kf1 Ra2 38.Ke1 Kf6 39.Kf1 Ke5 40.Kg2 f5 41.a7 Ra1 42.Kh2 Ke4 43.Re8 Rxa7
44.Rxe6+ Kf3 45.Re5 f4 46.Rf5 Ra4 47.Kg1  1/2-1/2

[Event "FIN-chT 9596"]
[Site "FIN"]
[Date "1996.??.??"]
[Round "11"]
[White "Salo, Tapio"]
[Black "Kekki, Petri"]
[Result "1-0"]
[WhiteElo "2310"]
[BlackElo "2350"]

1.c4 Nf6 2.Nf3 g6 3.g3 Bg7 4.Bg2 O-O 5.O-O d5 6.cxd5 Nxd5 7.d4 Nb6 8.Nc3 Nc6
9.d5 Na5 10.e4 c6 11.Bf4 cxd5 12.exd5 Bxc3 13.bxc3 Nxd5 14.Bh6 Re8 15.Qd4 Nf6
16.Qh4 Be6 17.Bg5 Rc8 18.Rad1 Qb6 19.Be3 Qa6 20.Bd4 Nc6 21.Bxf6 exf6 22.Qxf6 Qxa2
23.Ng5 Qa3 24.Rfe1 Qe7 25.Qf4 Qf8 26.Ne4 Red8 27.Nd6 Rb8 28.c4 Rd7 29.c5 Rbd8
30.Rb1 Na5 31.Bxb7 Nxb7 32.Nxb7 Rc8 33.Nd6 Rxc5 34.Ne4 Rdc7 35.Nxc5 Rxc5
36.Rb8 Rc8 37.Reb1 Qc5 38.Rxc8+ Bxc8 39.Rc1 Qf8 40.Qb8 Be6 41.Qxa7 Qd6 42.Qa8+ Kg7
43.Qa1+ f6 44.Qa7+ Bf7 45.h4 h5 46.Qc7 Qd5 47.Qf4 Qe6 48.Qd4 Qb3 49.Kh2 Qf3
50.Rc3 Qb7 51.Qf4 Qb6 52.Rc7 Qe6 53.Qf3 Qa2 54.Rc6 Qb2 55.Qf4 Qa1 56.Rc2 Qa6
57.Rd2 Qc6 58.f3 Qc3 59.g4 hxg4 60.fxg4 Be6 61.Re2 Bf7 62.g5 Qc6 63.gxf6+ Qxf6  1-0

[Event "FRA-ch"]
[Site "France"]
[Date "1996.??.??"]
[Round "8"]
[White "Adrian, Claude"]
[Black "Apicella, Manuel"]
[Result "1/2-1/2"]
[WhiteElo "2330"]
[BlackElo "2560"]

1.Nf3 Nf6 2.c4 g6 3.g3 Bg7 4.Bg2 O-O 5.d4 d6 6.O-O Nbd7 7.Qc2 e5 8.e4 exd4
9.Nxd4 Re8 10.Rd1 c6 11.Nc3 Qc7 12.h3 a5 13.Be3 Nc5 14.Nb3 Ne6 15.Na4 Nd7
16.Qd2 Ndc5 17.Naxc5 dxc5 18.Nxc5 a4 19.Rac1 a3 20.b3 Bb2 21.Rc2 Rd8 22.Qe1 Nd4
23.Bxd4 Bxd4 24.Rcd2 Qa5 25.Na4 c5 26.e5 Re8 27.Re2 Qxe1+ 28.Rdxe1 Ra6 29.Kh2 g5
30.Bd5 Kg7 31.f4 gxf4 32.gxf4 Rh6 33.e6 Bxe6 34.Bxe6 Rhxe6 35.Rxe6 Rxe6 36.Rxe6 fxe6
37.Kg3 Kf6 38.Nb6 Kf5 39.Kf3 Bc3 40.Nc8 e5 41.Nd6+ Ke6 42.Nxb7 Bd4 43.Nd8+ Kf5
44.fxe5 Bxe5 45.Nc6 Bc3 46.Ne7+ Ke5 47.Ke3 Bd4+ 48.Kd3 Bg1 49.Nd5 h5 50.Nc3 h4
51.Ke2 Kf4 52.Kf1 Bd4 53.Ne2+  1/2-1/2

[Event "FRA-ch"]
[Site "France"]
[Date "1996.??.??"]
[Round "15"]
[White "Anic, Darko"]
[Black "Relange, Eloi"]
[Result "1/2-1/2"]
[WhiteElo "2455"]
[BlackElo "2450"]

1.Nf3 Nf6 2.c4 g6 3.g3 Bg7 4.Bg2 O-O 5.O-O d6 6.d4 Nbd7 7.Nc3 e5 8.h3 Re8
9.e4 exd4 10.Nxd4 c6 11.Re1 Qb6 12.Re2 Nc5 13.Be3 Qb4  1/2-1/2

[Event "BL2-S9596"]
[Site "Germany"]
[Date "1996.??.??"]
[Round "?"]
[White "Feustel, Bernd"]
[Black "Schneider, Bernd2"]
[Result "1/2-1/2"]
[WhiteElo "2350"]
[BlackElo "2235"]

1.c4 Nf6 2.Nf3 g6 3.g3 Bg7 4.Bg2 O-O 5.d4 d6 6.O-O Nc6 7.b3 Rb8 8.Bb2 a6
9.d5 Na5 10.Qe1 c5 11.Bc3 b6 12.e4 e5 13.dxe6 Bxe6 14.e5 dxe5 15.Bxe5 Ne8
16.Nc3 Bxe5 17.Nxe5 Nf6 18.Rd1 Qc7 19.Qe3 Rbd8 20.f4 Rxd1 21.Rxd1 Re8 22.Qd3 Nb7
23.Nd5 Bxd5 24.cxd5 Nd6 25.Qxa6 h5 26.Qd3 b5 27.Bf3 Ra8 28.Rd2 Ra6 29.Nc6 c4
30.Qd4 Qb6 31.Qxb6 Rxb6 32.Rc2 Ra6 33.Kf2 Ra3 34.bxc4 bxc4 35.Ne5 Ra5 36.Ke1 c3
37.Rxc3 Rxa2 38.Rc6 Nfe8 39.h3 Ra4 40.Nd3 Rd4 41.Kd2 Kf8 42.g4 hxg4 43.hxg4 Ra4
44.Bd1 Re4 45.Bf3 Ra4 46.Bd1 Re4 47.Bf3  1/2-1/2

[Event "BL2-S9596"]
[Site "Germany"]
[Date "1996.??.??"]
[Round "?"]
[White "Schindler, Werner"]
[Black "Mandel, Andreas"]
[Result "0-1"]
[WhiteElo "2315"]
[BlackElo "2365"]

1.Nf3 Nf6 2.c4 g6 3.g3 Bg7 4.Bg2 O-O 5.O-O d6 6.Nc3 e5 7.d3 Nc6 8.Rb1 a5
9.a3 Re8 10.Nd2 Nd4 11.e3 Nf5 12.b4 axb4 13.axb4 c6 14.Nde4 Nxe4 15.Bxe4 Ne7
16.Bg2 d5 17.Bb2 Be6 18.c5 Qd7 19.Na4 Nc8 20.Re1 Bh3 21.Bh1 h5 22.Ra1 h4
23.Nc3 Rxa1 24.Bxa1 Ne7 25.e4 d4 26.Na4 Bh6 27.Nb6 Qe6 28.Bb2 Kg7 29.Bf3 Ng8
30.Bc1 Bxc1 31.Qxc1 Nf6 32.Qc4 Qe7 33.Ra1 hxg3 34.hxg3 Ng4 35.Qc1 Rh8 36.Ra8 Rxa8
37.Nxa8 Qf6 38.Qd1 Qg5 39.Nb6 Nxf2  0-1

[Event "BL2-N9596"]
[Site "Germany"]
[Date "1996.??.??"]
[Round "?"]
[White "Kapischka, Jens"]
[Black "Penzold, Andreas"]
[Result "1/2-1/2"]
[WhiteElo "2310"]
[BlackElo "2260"]

1.Nf3 g6 2.g3 Bg7 3.Bg2 Nf6 4.c4 O-O 5.O-O d6 6.Nc3 e5 7.d3 Nh5 8.Rb1 f5
9.Qc2 a5 10.a3 f4 11.b4 axb4 12.axb4 Bg4 13.b5 Nd7 14.Nd2 Nc5 15.Bb2 Qd7
16.Nde4 Nxe4 17.Nxe4 f3 18.exf3 Bxf3 19.Qd2 Bxg2 20.Kxg2 Ra2 21.Nc3 Raa8
22.Ne4 Ra2 23.Nc3 Raa8 24.Ne4  1/2-1/2

[Event "BL2-W9596"]
[Site "Germany"]
[Date "1996.??.??"]
[Round "?"]
[White "Oswald, Hans Joachim"]
[Black "Ahn, Martin"]
[Result "1/2-1/2"]
[WhiteElo "2280"]
[BlackElo "2295"]

1.Nf3 Nf6 2.c4 g6 3.g3 Bg7 4.Bg2 O-O 5.O-O d6 6.Nc3 e5 7.d3 Nc6 8.Rb1 a5
9.a3 h6 10.b4 axb4 11.axb4 Be6 12.b5 Ne7 13.Bb2 Qd7 14.Ra1 Bh3 15.Qb3 Rab8
16.c5 Be6 17.Qa4 Nfd5 18.Nxd5 Bxd5 19.e4 Be6 20.cxd6 Qxd6 21.Ba3 Qd7 22.Qb4 Rfe8
23.Bb2 Qd6 24.Qc3 Bd7 25.Ba3 Qe6 26.Rab1 c6 27.b6 Nc8 28.Bc5 Nd6 29.Rfd1 Rbd8
30.Qb4 Bc8 31.Nd2 Nb5 32.Nb3 Bf8 33.Bf1 Nd4 34.Nxd4 Rxd4 35.Qc3 Bxc5 36.Qxc5 Qd6
37.Qc1 Be6 38.Qxh6 Ra8 39.h4 Qf8 40.Qg5 Qg7 41.Ra1 Rad8 42.Be2 f6 43.Qe3 Kh7
44.Rdb1 Qh6 45.Qxh6+ Kxh6 46.Ra5 Kg7 47.f3 Kf7 48.Kf2 Ke7 49.Ke3 Rc8 50.f4 c5
51.Ra7 Rb8 52.Bd1 Bd7 53.Be2 Kd6 54.Bd1 Be6  1/2-1/2

[Event "BL2-N9697"]
[Site "Germany"]
[Date "1996.??.??"]
[Round "?.2"]
[White "Konopka, Michal"]
[Black "Polzin, Rainer"]
[Result "1-0"]
[WhiteElo "2405"]
[BlackElo "2405"]

1.Nf3 Nf6 2.c4 g6 3.g3 Bg7 4.Bg2 O-O 5.d4 d6 6.O-O Nbd7 7.Nc3 e5 8.h3 Re8
9.e4 exd4 10.Nxd4 a6 11.Be3 Rb8 12.b3 c5 13.Nde2 b5 14.Qxd6 b4 15.Na4 Nxe4
16.Bxe4 Bxa1 17.Rxa1 Rxe4 18.Nxc5 Rxe3 19.fxe3 Qe8 20.Nxd7 Bxd7 21.Kh2 Bc6
22.Nd4 Ba8 23.Rd1 Rd8 24.Qf6 Rd7 25.Qf4 Re7 26.Rd3 Re4 27.Qg5 Re5 28.Qf4 Qe7
29.Nf3 Bxf3 30.Qxf3 Rf5 31.Qe2 Qe5 32.e4 Rf6 33.Rd5 Qc3 34.e5 Re6 35.Kg2 Kg7
36.Ra5 Re7 37.Rd5 Re6 38.Kh2 h5 39.h4 Re7 40.Ra5 Re6 41.Kg2 Re7 42.Rd5 Re6
43.c5 a5 44.Qd2 Qxd2+ 45.Rxd2 Rxe5 46.Rc2 Kf6 47.c6 Re8 48.Kf3 Rc8 49.Kf4 Rc7
50.Rc1 Ke6 51.Kg5 Ke5 52.Rc4 Ke6 53.Kh6 Kf5 54.Kg7 f6+ 55.Kh6 Rc8 56.c7 g5
57.Rc5+ Kg4 58.hxg5 f5 59.g6 Kxg3 60.g7 h4  1-0

[Event "BL2-W9697"]
[Site "Germany"]
[Date "1996.??.??"]
[Round "?.6"]
[White "Meyer, Peter"]
[Black "Matthaei, Alexander"]
[Result "1/2-1/2"]
[WhiteElo "2330"]
[BlackElo "2385"]

1.Nf3 Nf6 2.c4 g6 3.g3 Bg7 4.Bg2 O-O 5.O-O c6 6.d4 d5 7.cxd5 cxd5 8.Ne5 e6
9.Nc3 Nfd7 10.Nxd7 Bxd7 11.Be3 Nc6 12.Qd2 Re8 13.Rac1 Qa5 14.Rfd1 b5 15.b3 Qb6
16.f3 Ne7 17.Bf2 b4 18.Nb1 Rec8 19.e3 a5 20.Rxc8+ Rxc8 21.Rc1 Rc6 22.Rxc6 Qxc6
23.a3 a4 24.bxa4 b3 25.Bf1 Qc2 26.Bd3 Qxd2 27.Nxd2 Bxa4 28.Nb1 Nc8 29.Kf1 e5
30.Ke2 Nd6 31.Kd2 exd4 32.exd4 Bf8 33.Kc3 Nb7 34.Ba6 Na5 35.Kd3 Bd7 36.g4 h5
37.h3 hxg4 38.hxg4 f5 39.Be1 fxg4 40.fxg4 Bxg4 41.Bxa5 Bf5+ 42.Kc3 Bxb1 43.Kxb3  1/2-1/2

[Event "Oberliga Ost B9596"]
[Site "Germany"]
[Date "1996.??.??"]
[Round "?"]
[White "Schaller, Sven"]
[Black "Gempe, Thomas"]
[Result "1-0"]
[WhiteElo "2245"]
[BlackElo "2215"]

1.c4 Nf6 2.g3 g6 3.Bg2 Bg7 4.Nf3 O-O 5.O-O d6 6.Nc3 Nc6 7.Rb1 Bf5 8.d3 Qd7
9.b4 e5 10.Bg5 e4 11.Ne1 exd3 12.Nxd3 Rae8 13.b5 Nd8 14.Nd5 Ne4 15.Bh6 c6
16.bxc6 bxc6 17.Bxe4 Bxe4 18.Nc5 Qh3 19.Nxe4 Rxe4 20.Bxg7 Kxg7 21.Nc3 Rxc4
22.Qxd6 Ne6 23.Rb7 Kg8 24.Qd3 Rd4 25.Qf3 a5 26.Ra7 Rc4 27.Ne4 Nd4 28.Qd3 Ra4
29.Nc5 Nb5 30.Re7 Rxa2 31.Nd7 Qf5 32.Qc4 Rc2 33.Qh4 Rd8 34.e4 Qxd7 35.Rxd7 Rxd7
36.e5 Rd4 37.Qe7 a4 38.Re1 Rcd2 39.Qe8+ Kg7 40.Qxc6 Nc3 41.Qxc3  1-0

[Event "Landesliga N9596 Bayern"]
[Site "Germany"]
[Date "1996.??.??"]
[Round "?"]
[White "Muenster, Erich"]
[Black "Saathoff, Richard"]
[Result "0-1"]
[WhiteElo "2075"]
[BlackElo "2165"]

1.Nf3 Nf6 2.c4 g6 3.g3 Bg7 4.Bg2 O-O 5.Nc3 d6 6.O-O e5 7.d3 Nc6 8.Bd2 h6
9.Rb1 a5 10.a3 Nd4 11.b4 axb4 12.axb4 c6 13.b5 Be6 14.e3 Nxf3+ 15.Bxf3 d5
16.bxc6 bxc6 17.cxd5 cxd5 18.d4 exd4 19.exd4 Bf5 20.Rc1 Ne4 21.Be3 Nxc3 22.Rxc3 Be4
23.Rc5 Re8 24.Bxe4 dxe4 25.d5 Bf8 26.Rb5 Qd7 27.Qb3 Ra3 28.Qb2 Rd3 29.Re1 Rxd5
30.Rb7 Qf5 31.Rb8 Qe5 32.Qxe5 Rdxe5 33.Rb7 f5 34.Rd1 g5 35.Kg2 R5e6 36.Rd5 Re5
37.Rxe5 Rxe5 38.f4 gxf4 39.Bxf4 Rc5 40.h4 Rc2+ 41.Kf1 h5 42.Rd7 Bc5 43.Rd5 e3
44.Re5 Rf2+ 45.Ke1 Bb4+ 46.Kd1 Bd6 47.Rxf5 e2+ 48.Ke1 Bb4+ 49.Kxf2 e1=Q+
50.Kf3 Qb1 51.Rd5 Qh1+  0-1

[Event "Landesliga Nord 9697 Bayern"]
[Site "Germany"]
[Date "1996.??.??"]
[Round "?"]
[White "Willim, Michael"]
[Black "Seibold, Hubert"]
[Result "0-1"]
[WhiteElo "2005"]
[BlackElo "2230"]

1.c4 Nf6 2.g3 g6 3.Bg2 Bg7 4.Nf3 O-O 5.O-O d6 6.Nc3 c6 7.d3 Nbd7 8.Rb1 e5
9.b4 d5 10.Nd2 d4 11.Nce4 Nxe4 12.Nxe4 Qc7 13.c5 Nf6 14.Nxf6+ Bxf6 15.Qc2 Be6
16.Bh6 Rfe8 17.Rfc1 a6 18.a4 Qd7 19.Ra1 Bd5 20.Bxd5 Qxd5 21.Qc4 Qd7 22.Kg2 e4
23.Rab1 Qg4 24.Re1 g5 25.b5 axb5 26.axb5 Qh5 27.bxc6 bxc6 28.Rb7 exd3 29.Bxg5 Bxg5
30.Qxd3 Bf6 31.Qc4 Re6 32.h3 Rd8 33.Kh2 Qd5 34.Qc1 Rde8 35.Qf4 Qe4 36.Qh6 Bg7
37.Qh5 Qg6 38.Qf3 Rf6 39.Qg2 Rfe6 40.Rc7 Qf6 41.Kg1 d3 42.e3 Qc3 43.Rb1 Qxc5
44.Rbb7 Qc1+ 45.Kh2 Rf6 46.g4 Qc2 47.Kg3 d2 48.g5 Rf5 49.Kh4 d1=Q  0-1

[Event "NRW-Liga II 9596"]
[Site "Germany"]
[Date "1996.??.??"]
[Round "?"]
[White "Okrajek, Alexander"]
[Black "Lauzeningks, Jan"]
[Result "0-1"]
[WhiteElo "2270"]
[BlackElo "2285"]

1.Nf3 Nf6 2.c4 g6 3.g3 Bg7 4.Bg2 O-O 5.O-O d6 6.Nc3 e5 7.b4 a5 8.bxa5 Nc6
9.Rb1 Re8 10.e4 Nd4 11.d3 Rxa5 12.Nxd4 exd4 13.Nb5 c6 14.Nxd4 Rxa2 15.Ne2 Qa5
16.Bf4 Ng4 17.Bxd6 Nxh2 18.Kxh2 Rd2 19.Nf4 Rxd1 20.Rfxd1 Bd4 21.f3 Qg5 22.Nh3 Bxh3
23.Bxh3 Qf6 24.Bf4 g5 25.Bd2 Qxf3 26.Bxg5 Re5 27.Bf5 Ra5 28.Rd2 Ra3 29.Rxb7 Be5  0-1

[Event "NRW-Liga I 9596"]
[Site "Germany"]
[Date "1996.??.??"]
[Round "?"]
[White "Lingnau, Carsten"]
[Black "Wisskirchen, Andreas"]
[Result "1/2-1/2"]
[WhiteElo "2400"]
[BlackElo "2290"]

1.Nf3 Nf6 2.c4 g6 3.g3 Bg7 4.Bg2 O-O 5.d4 d6 6.O-O Nbd7 7.Nc3 e5 8.e4 c6
9.h3 Qc7 10.Be3 Re8 11.Qc2 exd4 12.Nxd4 a5 13.Rad1 Nc5 14.Rd2 Be6 15.b3 Rad8
16.Rfd1 Bc8 17.Nde2 Qe7 18.f3 Rd7 19.a3 Qf8 20.g4 Red8 21.Na4 Nxa4 22.bxa4 c5
23.Nc3 h6 24.Rd3 b6 25.Qb3 Ba6 26.R3d2 Qe7 27.Bf1 Rb8 28.Bf4 Ne8 29.Nd5 Qe6
30.Rb1 Kh7 31.Qd1 Rdb7 32.Be3 Qe5 33.Kg2 Nf6 34.Nxf6+ Bxf6 35.Rd5 Qe8 36.Rxd6 Be5
37.Rd5 Re7 38.Qb3 Bb7 39.Rd2 Bc6 40.Bd3 Bxa4 41.Qa2 Rd7 42.Bc2 Rxd2+ 43.Bxd2 Bc6
44.Qb3 Bc7 45.Qe3 Qe5 46.f4 Qe6 47.Kg1 Qxc4 48.Bd3 Qe6 49.Rf1 Kg8 50.Bc3 Rd8
51.Bc2 Qc4 52.h4 Qe6 53.f5 Qd6 54.Rf2 Qg3+ 55.Qxg3 Bxg3 56.Rf3 Bxh4 57.fxg6 f6
58.Bxf6 Bxf6 59.Rxf6 Rc8 60.e5 Rc7 61.g7 Kxg7 62.Rg6+ Kf8 63.Rxh6 b5 64.Rh8+ Ke7
65.Bf5 b4 66.axb4 cxb4 67.g5 Bd5 68.Rh7+ Kd8 69.Rh8+ Ke7 70.g6 Rc3 71.Rh7+ Kf8
72.Rd7  1/2-1/2

[Event "Landesliga Sued 9697 Bayern"]
[Site "Germany"]
[Date "1996.??.??"]
[Round "?"]
[White "Droletz, Juergen"]
[Black "Wilke, Martin"]
[Result "1/2-1/2"]
[WhiteElo "2155"]
[BlackElo "2110"]

1.Nf3 Nf6 2.c4 g6 3.g3 Bg7 4.Bg2 O-O 5.O-O d6 6.d4 c5 7.Nc3 Nbd7 8.b3 Rb8
9.Bb2 a6 10.Qc2 b5 11.cxb5 axb5 12.dxc5 Nxc5 13.Nd4 Bd7 14.e4 e5 15.Nde2 b4
16.Nd5 Nxd5 17.exd5 Qb6 18.Qd2 Bb5 19.Rac1 Qa6 20.Rc2 Bd3 21.Rxc5 dxc5 22.Re1 Bxe2
23.Rxe2 Qxa2 24.Qe3 Qb1+ 25.Bf1 Rfd8 26.Rd2 Ra8 27.Kg2 e4 28.Bxg7 Kxg7 29.Qxc5 Qxb3
30.Qd4+ Kg8 31.Qxe4 Rac8 32.Rd4 Qc2 33.Bd3 Qc3 34.Bc4 b3 35.d6 Qc2 36.Bxf7+ Kxf7
37.Qe7+ Kg8 38.Qe6+ Kg7 39.Qe7+ Kg8 40.Qe6+ Kg7 41.Qe7+  1/2-1/2

[Event "NRW-Liga I 9697"]
[Site "Germany"]
[Date "1996.??.??"]
[Round "3.4"]
[White "Simon, Hans Christian"]
[Black "Homann, Stefan"]
[Result "0-1"]
[WhiteElo "2190"]
[BlackElo "2255"]

1.Nf3 Nf6 2.c4 g6 3.g3 Bg7 4.Bg2 O-O 5.O-O d6 6.d4 Nbd7 7.Nc3 e5 8.e4 c6
9.h3 a6 10.Be3 b5 11.cxb5 axb5 12.Qc2 Ba6 13.Rfd1 Qe7 14.Rac1 Rfc8 15.b3 Rab8
16.Qb1 b4 17.dxe5 bxc3 18.exf6 Nxf6 19.Rd4 c5 20.Ra4 Bb5 21.Ra5 Nxe4 22.Bf4 Bc6
23.Qd3 Qb7 24.Re1 Re8 25.Qa6 Qd7 26.Qd3 Qc7 27.Ra3 Rbd8 28.Rd1 Qb7 29.Ng5 Nxg5
30.Bxc6 Nxh3+ 31.Kh2 Qxc6 32.Kxh3 d5 33.Ra7 Qe6+ 34.Kh2 Qe2 35.Kg2 Bd4  0-1

[Event "Goetzis op"]
[Site "Goetzis"]
[Date "1996.??.??"]
[Round "3"]
[White "Gasser, Klaus"]
[Black "Burschowsky, Matthias"]
[Result "1/2-1/2"]
[WhiteElo "1955"]
[BlackElo "1695"]

1.Nf3 Nf6 2.c4 g6 3.g3 Bg7 4.Bg2 O-O 5.O-O c6 6.d4 d5 7.b3 Bf5 8.Nh4 Bxb1
9.Rxb1 Ne4 10.Bb2 Nd7 11.f3 Nd6 12.Qc2 e6 13.Bh1 g5 14.Ng2 f5 15.Rbd1 Nf6
16.Bc1 h6 17.Ne1 Qa5 18.Nd3 Nh5 19.Nf2 f4 20.gxf4 Nxf4 21.Bxf4 gxf4 22.Ng4 h5
23.Ne5 Nf5 24.Qd2 Qxd2 25.Rxd2 Nxd4 26.Nd7 Rf7 27.Nc5 b6 28.Nd3 e5 29.Bg2 Bf6
30.Kh1 Kh7 31.Bh3 Rg7 32.Rg1 Rag8 33.Rxg7+ Rxg7 34.cxd5 cxd5 35.Nb4 Be7 36.Nxd5 Bc5
37.Bg2 Nf5 38.Nf6+ Kh6 39.Rd7 Rxd7 40.Nxd7 Bd6 41.Nf6 Nd4 42.Bf1 Kg6 43.Nd5 Kf7
44.Kg1 Bc5 45.Kg2 Ke6 46.Nc3 Nc2 47.Kh1 Bb4 48.Bh3+ Kf7 49.Nd5 Bc5 50.Bc8 Nd4
51.Ba6 Ke6 52.Bc4 Kf5 53.Kg2 Kg5 54.Bd3 Nc6 55.Nc3 a5 56.Ne4+ Kh4 57.Nxc5 bxc5
58.Bc4 Nd4 59.Bd3 Nc6 60.Bb5 Nb4 61.a4 Nc2 62.Bd3 Nd4 63.Bc4 Nc2 64.Bf7 Ne3+
65.Kf2 Nc2 66.Kf1 Kg5 67.Kg2 Kh4 68.Kf1 Kg5 69.Kf2 Kh4 70.Be6 Kg5 71.Bd5 Kh4  1/2-1/2

[Event "Gran Canaria op"]
[Site "Gran Canaria"]
[Date "1996.??.??"]
[Round "?"]
[White "Todorcevic, Miodrag"]
[Black "Danailov, Silvio"]
[Result "1/2-1/2"]
[WhiteElo "2450"]
[BlackElo "2455"]

1.c4 Nf6 2.g3 g6 3.Bg2 Bg7 4.Nf3 O-O 5.O-O d6 6.Nc3 c5 7.d4 Nc6 8.d5 Na5
9.Nd2 a6 10.Rb1 Rb8 11.b3 b5 12.Qc2 e6 13.Bb2 Re8 14.e4 exd5 15.cxd5 Bd7
16.Nd1 Rc8 17.Ne3 c4 18.bxc4 Nxc4 19.Ndxc4 bxc4 20.Bc3 Ng4 21.Nxg4 Bxg4 22.Rfe1 Rc5
23.h3 Bd7 24.Rb4 a5 25.Rb7 Ba4 26.Qd2 Re7 27.Rxe7 Qxe7 28.Bxg7 Kxg7 29.Qc3+ Qe5
30.Rc1 f5 31.f4 Qxc3 32.Rxc3 fxe4 33.Bxe4 Be8 34.Kf2 Bf7 35.Ke3 Bxd5 36.Bxd5 Rxd5
37.Rxc4 Rh5 38.h4 Kf6 39.Rc7 h6 40.Rh7 Rc5 41.g4 Rc3+ 42.Kd4 Rg3 43.g5+ hxg5
44.hxg5+ Kf5 45.Rf7+ Kg4 46.Kd5 Rf3 47.Rf6 Rxf4 48.Rxg6  1/2-1/2

[Event "GRE-ch95"]
[Site "GRE"]
[Date "1996.??.??"]
[Round "1"]
[White "Grivas, Efstratios"]
[Black "Sirigos, Nikolaos"]
[Result "1-0"]
[WhiteElo "2475"]
[BlackElo "2285"]

1.Nf3 Nf6 2.c4 g6 3.g3 Bg7 4.Bg2 O-O 5.O-O d6 6.Nc3 c5 7.a3 Nc6 8.Rb1 Bf5
9.d3 Qd7 10.b4 Rfe8 11.Be3 Ng4 12.Bd2 cxb4 13.axb4 Nge5 14.Nxe5 Bxe5 15.b5 Nd8
16.Nd5 Be6 17.e3 Bxd5 18.Bxd5 Bg7 19.f4 e6 20.Bg2 d5 21.cxd5 exd5 22.Qf3 d4
23.e4 Rc8 24.f5 Be5 25.Bh3 f6 26.Bg4 h5 27.Bh3 Rc2 28.Rf2 Nf7 29.Kg2 Ng5
30.Bxg5 Rxf2+ 31.Qxf2 fxg5 32.Kh1 g4 33.Bg2 g5 34.Qa2+ Kg7 35.Qxa7 h4 36.Qb6 Qf7
37.Kg1 hxg3 38.hxg3 Bxg3 39.e5 Rxe5 40.Qxb7 Re7 41.Qd5 Qh5 42.Qc5 Re2 43.Qxd4+ Be5
44.Qd7+ Kh8 45.Qd8+ Kh7 46.Qd7+ Kh8 47.Qc8+ Kh7 48.Qb7+ Kh8 49.Rc1 Qh2+ 50.Kf1 Qf4+
51.Kxe2 Qxc1 52.Qa8+ Kg7 53.Qa7+ Kh8 54.Qa2 Bf4 55.Be4 Qe3+ 56.Kf1 Qc1+ 57.Kg2 Be3
58.Qa8+ Kg7 59.Qb7+ Kh8 60.Qb8+ Kg7 61.Qe5+ Kf8 62.Qf6+ Kg8 63.Bd5+  1-0

[Event "SLO-ch"]
[Site "Grize"]
[Date "1996.??.??"]
[Round "?"]
[White "Velickovic, Zoran"]
[Black "Mencinger, Vojko"]
[Result "0-1"]
[WhiteElo "2305"]
[BlackElo "2390"]

1.Nf3 Nf6 2.g3 g6 3.c4 Bg7 4.Bg2 O-O 5.O-O d6 6.d4 c6 7.Nc3 Qa5 8.h3 Be6
9.Qd3 Qa6 10.b3 d5 11.Ne5 Rd8 12.Rd1 dxc4 13.Nxc4 Nbd7 14.e4 b5 15.Nd2 Nc5
16.Qc2 Rxd4 17.Ne2 Rdd8 18.Qxc5 Nd7 19.Qa3 Qb6 20.Nc4 bxc4 21.Be3 c5 22.Rab1 Qb4
23.Qxb4 cxb4 24.bxc4 Bxc4 25.Nd4 a5 26.Nc6 Bxa2 27.Rbc1 Be6 28.Nxd8 Rxd8
29.Bb6 Ra8 30.e5 Ra6 31.Be3 Bxe5 32.Bb7 Rd6 33.Rxd6 exd6 34.Bh6 f5 35.Rc8+ Kf7
36.Bc6 b3 37.Rc7 b2 38.Rb7 Ba2 39.Rxd7+  0-1

[Event "Koop Tjuchem op"]
[Site "Groningen"]
[Date "1996.??.??"]
[Round "8"]
[White "Lingnau, Carsten"]
[Black "Avrukh, Boris"]
[Result "1/2-1/2"]
[WhiteElo "2380"]
[BlackElo "2500"]

1.Nf3 Nf6 2.c4 g6 3.g3 Bg7 4.Bg2 O-O 5.d4 d6 6.O-O Nc6 7.Nc3 Bf5 8.b3 Ne4
9.Bb2 Nxc3 10.Bxc3 Be4 11.Rc1 e5 12.d5 Ne7 13.Qd2 h6 14.Nh4 Bxg2 15.Nxg2 Nf5
16.e4 Nd4 17.Bxd4 exd4 18.Nf4 c5 19.Rfe1 Qd7 20.Nd3 h5 21.h4 Qh3 22.Qf4 Rad8
23.e5 dxe5 24.Nxe5 Qc8 25.Nd3 Rfe8 26.Kg2 b6 27.Rxe8+ Rxe8 28.Re1 Rxe1 29.Nxe1 Qe8
30.Nd3 Bf8 31.Qe5 Qd7 32.Qe4 Bd6 33.Ne1 b5 34.cxb5 Qxb5 35.Nf3 a5 36.Nd2 Kf8
37.Nc4 Qa6 38.a4 Bc7 39.Qf3 Kg7 40.Qe4 Kf8 41.Qf3 Kg7 42.Kf1 Qb7 43.Ke2 Qa6
44.Kd2 Qb7 45.Kc2 Qa6 46.Qe2 Qf6 47.Kd2 g5 48.Ke1 gxh4 49.Qxh5 hxg3 50.Qg4+ Qg6
51.Qxg6+ fxg6 52.fxg3 Bxg3+ 53.Ke2 Kf6 54.Kf3 Be1 55.Ke4 g5 56.Ne5 Ke7 57.Nd3 Bb4
58.Ne5 Bc3 59.Kd3 Be1 60.Nf3 Bh4 61.Ke4 Kd7 62.Ne5+ Kc7 63.Nf3 Kd7 64.Ne5+ Kc7
65.Nf3 Kb6 66.Kd3  1/2-1/2

[Event "Hallsberg op"]
[Site "Hallsberg"]
[Date "1996.??.??"]
[Round "2"]
[White "Fridman, Daniel"]
[Black "Tisdall, Jonathan D"]
[Result "1-0"]
[WhiteElo "2500"]
[BlackElo "2510"]

1.Nf3 Nf6 2.c4 g6 3.g3 Bg7 4.Bg2 O-O 5.d4 d5 6.O-O dxc4 7.Na3 Nc6 8.Nxc4 Be6
9.b3 Bd5 10.Bb2 a5 11.Nfe5 Bxg2 12.Kxg2 a4 13.f3 axb3 14.Nxc6 bxc6 15.Qxb3 Qd5
16.Qc2 Rfb8 17.e4 Qe6 18.Rf2 Rb4 19.Ne5 Rxa2 20.d5 Rbxb2 21.dxe6 Rxc2 22.exf7+ Kf8
23.Rxa2 Rxf2+ 24.Rxf2  1-0

[Event "ROM-ch"]
[Site "Herculane"]
[Date "1996.??.??"]
[Round "9"]
[White "Marin, Mihail"]
[Black "Florean, Andrei"]
[Result "1/2-1/2"]
[WhiteElo "2530"]
[BlackElo "2375"]

1.Nf3 Nf6 2.c4 g6 3.g3 Bg7 4.Bg2 O-O 5.O-O d6 6.d4 Nc6 7.Nc3 Bg4 8.d5 Na5
9.Nd2 c5 10.h3 Bd7 11.Qc2 a6 12.b3 b5 13.Bb2 Rb8 14.Rab1 e5 15.dxe6 Bxe6
16.cxb5 axb5 17.Rfd1 Qe7 18.Nde4 Nxe4 19.Nxe4 Nb7 20.Bxg7 Kxg7 21.Nc3 b4
22.Nd5 Bxd5 23.Rxd5 Nd8 24.Rbd1 Rb6 25.Qd2 Ne6 26.Rxd6 Rxd6 27.Qxd6 Qf6 28.Qa6 Rd8
29.Rxd8 Qxd8 30.Qd3 Qxd3 31.exd3 Nd4 32.f4 Ne2+ 33.Kf2 Nc1 34.Ke3 Nxa2 35.d4 cxd4+
36.Kxd4 f6 37.Kc5 h6 38.Bf3 g5 39.Kc4 Kf8 40.Be4 Kg7 41.Bb1 Nc3 42.Bd3 Na2
43.h4 Kf8 44.Kd5 Kg7  1/2-1/2

[Event "ROM-ch"]
[Site "Herculane"]
[Date "1996.??.??"]
[Round "11"]
[White "Marin, Mihail"]
[Black "Vajda, Levente"]
[Result "1-0"]
[WhiteElo "2530"]
[BlackElo "2370"]

1.Nf3 Nf6 2.c4 g6 3.g3 Bg7 4.Bg2 O-O 5.O-O c5 6.d4 d6 7.dxc5 dxc5 8.Ne5 Nfd7
9.Nd3 Nc6 10.Nc3 Nce5 11.Nxe5 Nxe5 12.Qb3 Nc6 13.Qb5 Qd6 14.Ne4 Qe5 15.Qxc5 Nd4
16.Qxe5 Nxe2+ 17.Kh1 Bxe5 18.Bh6 Rd8 19.Nc5 Bxb2 20.Rab1 Ba3 21.Nxb7 Bxb7
22.Bxb7 Rab8 23.Rfe1 Nd4 24.Bf4 Bd6 25.c5 Bxc5 26.Bxb8 Rxb8 27.Rec1 Ne6 28.Bd5 Rxb1
29.Rxb1 Bxf2 30.Rb7 Kf8 31.Kg2 Bb6 32.Bxe6 fxe6 33.Kf3 Kf7 34.Ke4 Kf6 35.a4 h5
36.Rd7 e5 37.Rd1 Ke6 38.Rf1 Bd4 39.h3 Bb6 40.Rf8 Bd4 41.a5 Bc3 42.a6 Bd4
43.g4 hxg4 44.hxg4 Bg1 45.g5 Bd4 46.Rc8 Kf7 47.Rc7 Ke6 48.Rc6+ Kf7 49.Kd5 Be3
50.Rc7 Bd4 51.Rb7 Kf8 52.Ke6 e4 53.Rxe7 e3 54.Rf7+ Kg8 55.Rf4 Bb6 56.Kf6 e2
57.Re4 Kh7 58.Re7+  1-0

[Event "Hofbieber op"]
[Site "Hofbieber"]
[Date "1996.??.??"]
[Round "7"]
[White "Rueger, Erhard"]
[Black "Huss, Rolf"]
[Result "1/2-1/2"]
[WhiteElo "2150"]
[BlackElo "2255"]

1.Nf3 Nf6 2.g3 g6 3.Bg2 Bg7 4.c4 O-O 5.O-O d6 6.Nc3 e5 7.b4 a5 8.b5 Nbd7
9.Ba3 Re8 10.Rc1 Nc5 11.Nxe5 dxe5 12.Bxc5 Nd7 13.Ba3 Nf8 14.d3 Rb8 15.Qa4 b6
16.c5 Ne6 17.cxb6 cxb6 18.Ne4 Nd4 19.Rfe1 Bg4 20.f3 Bd7 21.Nd6 Re6 22.e3 Nf5
23.Nxf5 gxf5 24.f4 Qe8 25.Rc6 Bxc6 26.Bxc6 Qd8 27.Qc4 exf4 28.gxf4 Bd4 29.Bd5 Qh4
30.Re2 Rg6+ 31.Kh1 Qg4 32.Bxf7+ Kh8 33.Bxg6 Qf3+ 34.Kg1 Bxe3+ 35.Rxe3 Qxe3+
36.Kg2 Qe2+ 37.Kg3 Qg4+ 38.Kf2 Qh4+ 39.Kg2 Qg4+ 40.Kf2 Qh4+ 41.Kf1 Qh3+ 42.Kg1  1/2-1/2

[Event "HUN-chT1 9596"]
[Site "HUN"]
[Date "1996.??.??"]
[Round "8"]
[White "Bako, Viktor"]
[Black "Kende, Gyorgy"]
[Result "0-1"]
[WhiteElo "2245"]
[BlackElo "2255"]

1.c4 Nf6 2.Nf3 g6 3.g3 Bg7 4.Bg2 O-O 5.O-O d6 6.d4 Nc6 7.d5 Na5 8.Nfd2 c5
9.Nc3 a6 10.Qc2 Rb8 11.b3 b5 12.Rb1 Bd7 13.Bb2 Qc8 14.e4 Bh3 15.Ne2 Bxg2
16.Kxg2 e5 17.h3 Nb7 18.f4 Nd7 19.Nf3 Qe8 20.f5 Qe7 21.Bc1 Nd8 22.Be3 b4
23.g4 f6 24.h4 Nf7 25.g5 gxf5 26.exf5 e4 27.Nh2 fxg5 28.Kh1 g4 29.Rg1 h5
30.Nf4 Qxh4 31.Ng6 Qh3 32.Bf4 Qd3 33.Qxd3 exd3 34.Nxf8 Rxf8 35.Nf1 Nfe5 36.Ne3 Kh7
37.Rbd1 Bh6 38.Bxh6 Kxh6 39.Rgf1 Kg5 40.f6 Rxf6 41.Rxf6 Nxf6 42.Kg2 Ne4 43.Rf1 Nf3
44.Nd1 h4  0-1